| 000 | 00689nam a2200229I 4500 | ||
|---|---|---|---|
| 999 |
_c7216 _d7216 |
||
| 001 | 2722852 | ||
| 003 | OSt | ||
| 005 | 20190130144253.0 | ||
| 008 | 770207s1965 pau 000 0 eng | ||
| 010 | _a63012647 | ||
| 040 |
_aDLC _cCDC _dm.c. _dOSS |
||
| 050 |
_aBF173.F85 _bR87 |
||
| 082 |
_a150.19 _bR953F |
||
| 100 | 1 | _aRushdoony, Rousas John | |
| 245 | 0 | 0 |
_aFreud, _cby Rousas J. Rushdoony |
| 260 |
_aPhiladelphia, _bPresbyterian and Reformed Pub. Co., _c1965 |
||
| 300 |
_a69 p. _c23 cm |
||
| 440 | 0 | _aInternational library of philosophy and theology: Modern thinkers series | |
| 504 | _aIncludes bibliographical references | ||
| 600 | 1 | 0 |
_aFreud, Sigmund, _d1856-1939 |
| 942 |
_2ddc _cBK |
||